000 00614nam a22002057a 4500
005 20141127144101.0
010 _aENG-111234
020 _a9788120350625
_c595.00
035 _aEN-94766
037 _bDBAD/PUB
082 _a541.3
100 _aMoudgil, Harish Kumar
245 _aTextbook of physical chemistry /
_cby Harish Kumar Moudgil
250 _a2nd ed
260 _aDelhi
_bPHI Learning
_c2015
270 _aRimjhim House, 111, Patparganj Industrial Estate
_bDelhi
_e110092
300 _axxviii,680p. :
_c24cm(pbk)
_bill.
500 _aIncludes index
942 _2ddc
_cEN
_mMOU
_h541.3
999 _c90053
_d90053